000 02416cam a2200301 i 4500
003 SA-RiAUC
005 20251005113326.0
008 251002s2003 le f 000 0 ara c
024 0 _a00000000960902
040 _aSA-RiAUC
_bara
_cSA-RiAUC.
_dAE-DuMBRL
_erda
050 4 _bB57 2003
082 0 4 _a230.7
_qSA-RiAUC
090 _a230.7
_bب ق ا
100 1 _aبقاعي، علي نايف
_eمؤلف.
245 1 0 _aمناهج المحدثين العامة والخاصة :
_bالصناعة الحديثية /
_cعلي نايف بقاعي.
250 _aالطبعة الأولى.
264 1 _aبيروت :
_bدار البشائر الإسلامية،
_c2003.
300 _a222 صفحة.؛
_c24 سم.
336 _aنص
_btxt
_2rdacontent
_3كتاب
337 _aبدون وسيط
_bn
_2rdamedia
338 _aمجلد
_bnc
_2rdacarrier
490 0 _aمناهج المحدثين ؛
_v3
520 _aهذا هو الكتاب الثالث والأخير من سلسلة مناهج المحدثين : "مناهج المحدثين العامة والخاصة الصناعية الحديثية" يأتي خاتما للسلسلة التي كان أولها كتاب "تخريج الحديث الشريف"، وكان واسطة عقدها كتاب "دراسة أسانيد الحديث الشريف". وجاء ترتيب هذا الكتاب الأخير من هذه السلسلة على نمط مبتكر، لعله يكون نموذجا يحتذي في الكتابة في مناهج المحدثين عموما، وفي منهج كتاب محدث واحد على وجه الخصوص. وكانت طريقة "الدكتور علي نايف بقاعي" في هذا الكتاب تقسيم مناهج المحدثين إلى موضوعات جزئية، ثم بعد ذلك يذكر تحت كل موضوع منها مناهج الأئمة الواحد تلو الآخر في هذا الموضوع. مثال ذلك : موضوع "ترتيب الأحاديث"، ذكر تحته منهج البخاري في ترتيب أحاديثه، ثم منهج مسلم، ثم مناهج أبي داود للترميذي والنسائي وهكذا في كل موضوع.
650 7 _aالحديث
_xمناهج بحث
_2aucsh
942 _2ddc
_cBOOK
_n0
949 _aSA-JeALM
_d251002
_umohamedma123
_n1
999 _c12372
_d12372